• 首页
  • 本馆介绍
  • 公告通知
  • 最新文献
  • 馆藏检索
  • 电子资源
  • 读者导购
  • 参考咨询
  • 我的图书馆
  • 登录
  • 详细信息显示
  • 放入我的书架
  • 预约/预借图书
  • 作者相关作品
  • 分类相关作品
  • 丛书相关作品
  • 出版社相关作品

书目信息

  • 表格格式
  • 工作单格式
  • 卡片格式
题名:
信息化、“互联网+”与大数据
    
 
作者: 王正青, 著
分册:  
出版信息: 北京   人民出版社  2018
页数: 277页
开本: 24cm
丛书名: 西南大学教育学部现代教育文库
单 册:
中图分类: G639.712.1
科图分类:
主题词: 基础教育--ji chu jiao yu--教育改革--研究--美国
电子资源:
ISBN: 978-7-01-019414-1
000 01606cam 2200301 450
001 012001002320
005 20131028131540.0
010    @a978-7-01-019414-1@dCNY58.00
099    @aCAL 012018181477
100    @a20181123d2018 em y0chiy50 ea
101 0  @achi
102    @aCN@b110000
105    @aa a 000yy
106    @ar
200 1  @a信息化、“互联网+”与大数据@Axin xi hua、“hu lian wang +”yu da shu ju@e当前美国基础教育变革理念与实践@f王正青著
210    @a北京@c人民出版社@d2018
215    @a277页@c图@d24cm
225 2  @a西南大学教育学部现代教育文库@Axi nan da xue jiao yu xue bu xian dai jiao yu wen ku@v6
300    @a西南大学2017年中央高校基本科研业务费专项资金资助重大培育项目成果
320    @a有书目 (第246-274页)
330    @a本书以信息化时代混合学习、在线学习、大数据分析、数字化教育等新型教育样式的兴起为背景,采用历时态的纵向梳理和共时态的横向比较方法,探讨了当前美国基础教育领域以信息化为主题的变革理念与举措。信息化时代的美国基础教育变革,核心动力在于提高教育质量与促进教育公平,基本理念是促进信息技术与教育教学的深度融合,在制定教育大数据战略、推广K-12在线学习、实施“连接教育”项目、保护学生数据隐私、发展教师信息与数据素养等方面积累了诸多经验,为深入推进中国基础教育信息化提供有益参考。
410  0 @12001 @a西南大学教育学部现代教育文库@v6
517 1  @a当前美国基础教育变革理念与实践@Adang qian mei guo ji chu jiao yu bian ge li nian yu shi jian
606 0  @a基础教育@Aji chu jiao yu@x教育改革@x研究@y美国
690    @aG639.712.1@v5
701  0 @a王正青,@Awang zheng qing@f1977-@4著
801  0 @aCN@b江苏凤凰@c20191020
905    @b1228633-6@dG639.712.1@e1492@f4
    
    信息化、“互联网+”与大数据:当前美国基础教育变革理念与实践/王正青著.-北京:人民出版社,2018
    277页:图;24cm.-(西南大学教育学部现代教育文库;6)
    西南大学2017年中央高校基本科研业务费专项资金资助重大培育项目成果
    
    ISBN 978-7-01-019414-1:CNY58.00
    本书以信息化时代混合学习、在线学习、大数据分析、数字化教育等新型教育样式的兴起为背景,采用历时态的纵向梳理和共时态的横向比较方法,探讨了当前美国基础教育领域以信息化为主题的变革理念与举措。信息化时代的美国基础教育变革,核心动力在于提高教育质量与促进教育公平,基本理念是促进信息技术与教育教学的深度融合,在制定教育大数据战略、推广K-12在线学习、实施“连接教育”项目、保护学生数据隐私、发展教师信息与数据素养等方面积累了诸多经验,为深入推进中国基础教育信息化提供有益参考。
●
相关链接 在E读中查询图书 在五车中查询图书 在当当中查询图书 在豆瓣中查询图书


正题名:信息化、"互联网+"与大数据     索取号:G639.712.1/1492         预约/预借

序号 登录号 条形码 馆藏地/架位号 状态 备注
1 1228633   212286337   第一样本阅览室/ [索取号:G639.712.1/1492] 在馆    
2 1228634   212286346   第四借阅区/ [索取号:G639.712.1/1492] 在馆    
3 1228635   212286355   教育系资料室/ [索取号:G639.712.1/1492] 在馆    
欢迎您!
大连网信软件有限公司© 版权所有